000 00263nam a22001217a 4500
008 170623b xxu||||| |||| 00| 0 eng d
041 _aeng
080 _a94(100)
100 _a16
101 _aSHH
245 _aIN SEARCH OF FRANCE
_cHOFFMANN,S
942 _2udc
_cBK
999 _c19101
_d19101